000 00289nam a22001337a 4500
008 171129b xxu||||| |||| 00| 0 eng d
020 _a9780805797787
041 _aeng
080 _a101
100 _a24
101 _aFIL
245 _aPHILOSOPHY AND FEMINISM
_cNYE, A
942 _2udc
_cBK
999 _c38609
_d38609